<?xml version="1.0" encoding="UTF-8"?>
<marc:record xmlns:marc="http://www.loc.gov/MARC21/slim">
   <marc:leader>00000nam a2200000 a 4500</marc:leader>
   <marc:datafield ind1="1" ind2=" " tag="100">
      <marc:subfield code="a">Blume, Hannes</marc:subfield>
      <marc:subfield code="4">aut</marc:subfield>
      <marc:subfield code="e">Verfasser/-in</marc:subfield>
   </marc:datafield>
   <marc:datafield ind1="0" ind2="0" tag="245">
      <marc:subfield code="a">Käpt’n Wumpe und der geheime Piratenschatz</marc:subfield>
   </marc:datafield>
   <marc:datafield ind1="0" ind2="0" tag="245">
      <marc:subfield code="c">Blume, Hannes</marc:subfield>
   </marc:datafield>
   <marc:datafield ind1=" " ind2="1" tag="264">
      <marc:subfield code="a">Hamburg</marc:subfield>
      <marc:subfield code="b">Karibu</marc:subfield>
      <marc:subfield code="c">2026</marc:subfield>
   </marc:datafield>
   <marc:datafield ind1="1" ind2=" " tag="520">
      <marc:subfield code="a">Strandwildschwein Wumpe lebt auf der Insel Teralinga mitten im Regenbogenmeer. Während alle anderen Inselbewohner lieber den ganzen Tag in der Sonne faulenzen, träumt Wumpe davon, Pirat zu sein. Und er weiß genau: Um ein Pirat zu sein, muss man auf Reisen gehen und Schätze finden. Wie gut, dass seine
beste Freundin Paula für jede Schatzsuche bereit ist. Und als die beiden eines Tages eine geheimnisvolle Schatzkarte finden, beginnt ihr bisher größtes
Abenteuer.
(Quelle: Verlagstext)</marc:subfield>
   </marc:datafield>
   <marc:datafield ind1=" " ind2=" " tag="020">
      <marc:subfield code="a">9783961295487</marc:subfield>
      <marc:subfield code="9">9783961295487</marc:subfield>
   </marc:datafield>
   <marc:datafield ind1=" " ind2=" " tag="300">
      <marc:subfield code="a">130 Seiten</marc:subfield>
   </marc:datafield>
</marc:record>
